[Event "Heusenstamm Sparkassen op-A 6th"]
[Site "Heusenstamm"]
[Date "2019.11.23"]
[Round "5"]
[White "Ramien, David"]
[Black "Froehlich Dill, Astrid"]
[Result "1-0"]
[WhiteElo "2228"]
[BlackElo "1871"]
[PlyCount "31"]
[EventDate "2019.11.21"]
[EventType "swiss"]
[EventRounds "7"]
[EventCountry "GER"]
[SourceTitle "CBM 194 Extra"]
[Source "ChessBase"]
[SourceDate "2020.03.31"]
[SourceVersion "1"]
[SourceVersionDate "2020.03.31"]
[SourceQuality "1"]

1. e4 e6 2. d4 b6 3. Nf3 Bb7 4. Bd3 c5 5. c3 cxd4 6. cxd4 Nc6 7. Nc3 Bb4 8. 0-0 Bxc3 9. bxc3 h6 10. Ba3 Nge7 11. e5 Rc8 12. Nd2 Na5 13. Rc1 0-0 14. Qg4 Re8 15. Rfe1 a6 16. Re3 1-0

[Event "Heusenstamm Sparkassen op-A 6th"]
[Site "Heusenstamm"]
[Date "2019.11.21"]
[Round "1"]
[White "Ramien, David"]
[Black "Mohr, Thomas"]
[Result "1-0"]
[WhiteElo "2228"]
[BlackElo "1904"]
[PlyCount "67"]
[EventDate "2019.11.21"]
[EventType "swiss"]
[EventRounds "7"]
[EventCountry "GER"]
[SourceTitle "CBM 194 Extra"]
[Source "ChessBase"]
[SourceDate "2020.03.31"]
[SourceVersion "1"]
[SourceVersionDate "2020.03.31"]
[SourceQuality "1"]

1. e4 c5 2. Nf3 Nc6 3. d4 cxd4 4. Nxd4 e5 5. Nb5 a6 6. Nd6+ Bxd6 7. Qxd6 Qe7 8. Qd1 Nf6 9. Nc3 d6 10. Bg5 Be6 11. Nd5 Bxd5 12. exd5 Nb8 13. c4 Nbd7 14. Bd3 h6 15. Be3 0-0 16. 0-0 b6 17. Rc1 Rfb8 18. Bb1 a5 19. b3 Nf8 20. Qe2 N6d7 21. Kh1 Re8 22. a3 f6 23. Qg4 Kh8 24. Rc3 Rab8 25. Bd2 Nh7 26. Rg3 Rg8 27. f4 Rbd8 28. fxe5 Nxe5 29. Qf5 g6 30. Qf2 Rb8 31. Bxh6 f5 32. Be3 Qh4 33. Bxb6 Ng5 34. Rh3 1-0

[Event "NRW Class1 1819"]
[Site "Germany"]
[Date "2019.01.13"]
[Round "5.5"]
[White "Wolf, Andre"]
[Black "Ramien, David"]
[Result "0-1"]
[WhiteElo "2138"]
[BlackElo "2119"]
[PlyCount "102"]
[EventDate "2018.09.16"]
[EventType "team-tourn"]
[EventRounds "9"]
[EventCountry "GER"]
[SourceTitle "EXT 2022"]
[Source "ChessBase"]
[SourceDate "2021.10.06"]
[SourceVersion "1"]
[SourceVersionDate "2021.10.06"]
[SourceQuality "1"]
[WhiteTeam "Lieme"]
[BlackTeam "Porz SG II"]
[WhiteTeamCountry "GER"]
[BlackTeamCountry "GER"]

1. e4 c5 2. Nf3 d6 3. c3 Nf6 4. Bd3 Nc6 5. Bc2 g6 6. 0-0 Bg7 7. Re1 0-0 8. h3 e5 9. a3 Re8 10. b4 a6 11. d3 h6 12. Be3 cxb4 13. axb4 Be6 14. d4 d5 15. Nxe5 Nxe5 16. dxe5 Nxe4 17. f3 Ng3 18. Bf2 Nh5 19. Qd2 Qg5 20. h4 Qxd2 21. Nxd2 Rac8 22. Bd4 Bf8 23. Ba4 Re7 24. Kh2 Rec7 25. g4 Ng7 26. Re3 Be7 27. Kg3 Rf8 28. Bb6 Rcc8 29. Nb3 f5 30. Rd3 fxg4 31. fxg4 g5 32. Nd4 gxh4+ 33. Kh3 h5 34. Bd1 Rf4 35. Nxe6 Nxe6 36. Be3 hxg4+ 37. Bxg4 Ng5+ 38. Kxh4 Nf7+ 39. Kh3 Rxg4 40. Kxg4 Nxe5+ 41. Kf5 Nxd3 42. Ke6 Kf8 43. Kd7 Rc6 44. Bd4 Bf6 45. Rf1 Kf7 46. Rf3 Nb2 47. Rf5 Nc4 48. b5 axb5 49. Rxd5 Bxd4 50. Rxb5 Nb6+ 51. Rxb6 Bxb6 0-1

[Event "GER-chT U20"]
[Site "Osnabrueck"]
[Date "2018.12.30"]
[Round "7.3"]
[White "Ramien, David"]
[Black "Dechant, Georg"]
[Result "1/2-1/2"]
[WhiteElo "2136"]
[BlackElo "2104"]
[PlyCount "62"]
[EventDate "2018.12.27"]
[EventType "team-swiss"]
[EventRounds "7"]
[EventCountry "GER"]
[SourceTitle "CBM 188 Extra"]
[Source "ChessBase"]
[SourceDate "2019.02.26"]
[SourceVersion "1"]
[SourceVersionDate "2019.02.26"]
[SourceQuality "1"]
[WhiteTeam "Porz SG"]
[BlackTeam "Regensburg Bavaria"]
[WhiteTeamCountry "GER"]
[BlackTeamCountry "GER"]

1. e4 c5 2. Nf3 d6 3. d4 cxd4 4. Nxd4 Nf6 5. Nc3 a6 6. Be2 e5 7. Nb3 Be6 8. 0-0 Nbd7 9. Kh1 Be7 10. f4 Rc8 11. f5 Bc4 12. a4 0-0 13. Be3 Nb6 14. Nd2 d5 15. Nxc4 Nxc4 16. Bxc4 dxc4 17. Qf3 Bc5 18. Bg5 Qb6 19. Bxf6 Qxf6 20. Nd5 Qg5 21. f6 g6 22. Qh3 h5 23. Rad1 Rcd8 24. Rf3 Kh8 25. Rff1 b5 26. axb5 axb5 27. Ra1 Qd2 28. Rf5 Qh6 29. Rff1 Qd2 30. Rf5 Qh6 31. Rff1 Qd2 1/2-1/2

[Event "GER-chT U20"]
[Site "Osnabrueck"]
[Date "2018.12.28"]
[Round "3.3"]
[White "Ramien, David"]
[Black "Korten, Lando"]
[Result "1/2-1/2"]
[WhiteElo "2136"]
[BlackElo "2100"]
[PlyCount "138"]
[EventDate "2018.12.27"]
[EventType "team-swiss"]
[EventRounds "7"]
[EventCountry "GER"]
[SourceTitle "CBM 188 Extra"]
[Source "ChessBase"]
[SourceDate "2019.02.26"]
[SourceVersion "1"]
[SourceVersionDate "2019.02.26"]
[SourceQuality "1"]
[WhiteTeam "Porz SG"]
[BlackTeam "Brackel"]
[WhiteTeamCountry "GER"]
[BlackTeamCountry "GER"]

1. e4 c5 2. Nf3 d6 3. Bb5+ Nd7 4. 0-0 a6 5. Bxd7+ Bxd7 6. d4 cxd4 7. Qxd4 Nf6 8. Bg5 Bc6 9. Re1 e6 10. c4 Be7 11. Nc3 0-0 12. Rad1 Qc7 13. Bxf6 gxf6 14. Nd5 Qd8 15. Qe3 Re8 16. Nxe7+ Qxe7 17. Nd4 Kh8 18. Rd3 Rg8 19. Red1 Rac8 20. b3 Bd7 21. Nc2 Bc6 22. f3 Rcd8 23. Qf4 f5 24. exf5 e5 25. Qh6 Qg5 26. Qxg5 Rxg5 27. Rxd6 Rdg8 28. Ne3 Bxf3 29. R1d2 Bc6 30. f6 h5 31. Rd8 h4 32. Rxg8+ Kxg8 33. h3 Kh7 34. Rd6 Kg6 35. Kf2 Rg3 36. Nd5 Kg5 37. Rd8 Bxd5 38. cxd5 Kxf6 39. Rh8 Rc3 40. Rxh4 Rc2+ 41. Kf3 Rd2 42. d6 Kg5 43. Rg4+ Kf6 44. Rh4 Kg5 45. Rg4+ Kf5 46. Rg8 e4+ 47. Ke3 Rd3+ 48. Ke2 Rxd6 49. Rg7 Kf6 50. Rg8 Ke5 51. Rg5+ Kd4 52. Kd2 Rf6 53. Ke2 b5 54. Rg8 Rd6 55. Rf8 f5 56. Rxf5 Rc6 57. Kd2 e3+ 58. Kd1 Rd6 59. Rf8 Ke4+ 60. Ke1 Rd2 61. Re8+ Kf4 62. Rf8+ Ke4 63. Re8+ Kf4 64. Rf8+ Kg3 65. Rf3+ Kxg2 66. Rxe3 Rxa2 67. h4 Ra1+ 68. Kd2 Rh1 69. Re6 a5 1/2-1/2

[Event "GER-chT U20"]
[Site "Osnabrueck"]
[Date "2018.12.27"]
[Round "2.3"]
[White "Bach, Jannik"]
[Black "Ramien, David"]
[Result "0-1"]
[WhiteElo "2034"]
[BlackElo "2136"]
[PlyCount "106"]
[EventDate "2018.12.27"]
[EventType "team-swiss"]
[EventRounds "7"]
[EventCountry "GER"]
[SourceTitle "CBM 188 Extra"]
[Source "ChessBase"]
[SourceDate "2019.02.26"]
[SourceVersion "1"]
[SourceVersionDate "2019.02.26"]
[SourceQuality "1"]
[WhiteTeam "Hagen"]
[BlackTeam "Porz SG"]
[WhiteTeamCountry "GER"]
[BlackTeamCountry "GER"]

1. Nf3 Nf6 2. g3 b5 3. Bg2 Bb7 4. 0-0 e6 5. d3 Be7 6. Nbd2 c5 7. Re1 d5 8. c4 bxc4 9. dxc4 d4 10. e3 dxe3 11. Rxe3 0-0 12. Qe2 Nc6 13. Nb3 a5 14. Ne5 Qc8 15. Nxc6 Bxc6 16. Bxc6 Qxc6 17. Bd2 a4 18. Nc1 Qa6 19. Bc3 Rfd8 20. h4 Nd7 21. b3 Bf6 22. Bxf6 gxf6 23. Rb1 axb3 24. axb3 Qd6 25. Nd3 f5 26. Nf4 Nf6 27. Rd3 Qb6 28. Rbd1 Rd4 29. Rxd4 cxd4 30. Qe5 Ng4 31. Qe2 Ra3 32. Rd3 Rxb3 33. Rxb3 Qxb3 34. Nxe6 Qb1+ 35. Kg2 Qb7+ 36. Kg1 fxe6 37. Qxe6+ Qf7 38. Qd6 Qxc4 39. Qd8+ Kf7 40. Qd7+ Kf6 41. Qd6+ Kg7 42. Qe7+ Qf7 43. Qg5+ Qg6 44. Qe7+ Kh6 45. Qf8+ Kh5 46. Qd8 Qf6 47. Qe8+ Kh6 48. Qd7 Ne5 49. Qd5 d3 50. f4 Qb6+ 51. Kh2 Qf2+ 52. Kh3 Qf1+ 53. Kh2 Ng4# 0-1

[Event "NRW Class1 1819"]
[Site "Germany"]
[Date "2018.12.09"]
[Round "4.5"]
[White "Ramien, David"]
[Black "Goldschmidt, Christian"]
[Result "1-0"]
[WhiteElo "2108"]
[BlackElo "2174"]
[PlyCount "69"]
[EventDate "2018.09.16"]
[EventType "team-tourn"]
[EventRounds "9"]
[EventCountry "GER"]
[SourceTitle "EXT 2022"]
[Source "ChessBase"]
[SourceDate "2021.10.06"]
[SourceVersion "1"]
[SourceVersionDate "2021.10.06"]
[SourceQuality "1"]
[WhiteTeam "Porz SG II"]
[BlackTeam "Brackel SF"]
[WhiteTeamCountry "GER"]
[BlackTeamCountry "GER"]

1. e4 e5 2. Nf3 Nc6 3. Bc4 Nf6 4. d3 h6 5. 0-0 d6 6. c3 g6 7. h3 Bg7 8. Re1 0-0 9. a4 Be6 10. a5 Bxc4 11. dxc4 Qe7 12. Nbd2 Qe6 13. b3 Nb8 14. Nf1 Na6 15. Qc2 Nh5 16. Ne3 Rad8 17. b4 f5 18. exf5 gxf5 19. Nh4 e4 20. Bd2 Be5 21. Nexf5 Rxf5 22. Nxf5 Qxf5 23. Rxe4 Rf8 24. Bxh6 Nf6 25. Re2 Qxc2 26. Rxc2 Nxb4 27. Re2 Bxc3 28. Rc1 Bd4 29. Bxf8 Kxf8 30. Rb1 c5 31. g4 Be5 32. f4 Bxf4 33. Rf1 Bg5 34. Rf5 Bh4 35. g5 1-0

[Event "GER-chT U20"]
[Site "Duesseldorf"]
[Date "2017.12.28"]
[Round "3.5"]
[White "Ramien, David"]
[Black "Elbracht, Michael"]
[Result "1-0"]
[WhiteElo "2160"]
[BlackElo "2008"]
[PlyCount "55"]
[EventDate "2017.12.27"]
[EventType "team-swiss"]
[EventRounds "7"]
[EventCountry "GER"]
[SourceTitle "CBM 182 Extra"]
[Source "ChessBase"]
[SourceDate "2018.02.23"]
[SourceVersion "1"]
[SourceVersionDate "2018.02.23"]
[SourceQuality "1"]
[WhiteTeam "Porz SG U20"]
[BlackTeam "Hamburger SK U20"]
[WhiteTeamCountry "GER"]
[BlackTeamCountry "GER"]

1. e4 c5 2. Nf3 e6 3. d4 cxd4 4. Nxd4 a6 5. Bd3 Qc7 6. 0-0 Nf6 7. Qe2 d6 8. c4 Be7 9. Nc3 Nbd7 10. f4 b6 11. Bd2 Bb7 12. Rae1 g6 13. Nf3 0-0 14. e5 Ne8 15. exd6 Bxd6 16. Ne5 Nxe5 17. fxe5 Bc5+ 18. Kh1 Ng7 19. Be4 Rad8 20. Bxb7 Qxb7 21. Ne4 Be7 22. Bh6 Rd4 23. Nf6+ Kh8 24. Qe3 Nf5 25. Rxf5 Bc5 26. Qh3 exf5 27. Bg7+ Kxg7 28. Qxh7# 1-0

[Event "Oberliga NRW 1718"]
[Site "Germany"]
[Date "2017.12.17"]
[Round "4.5"]
[White "Kamp, Christoph"]
[Black "Ramien, David"]
[Result "1-0"]
[WhiteElo "2209"]
[BlackElo "2092"]
[PlyCount "73"]
[EventDate "2017.09.17"]
[EventType "team-tourn"]
[EventRounds "9"]
[EventCountry "GER"]
[SourceTitle "EXT 2019"]
[Source "ChessBase"]
[SourceDate "2018.10.10"]
[SourceVersion "1"]
[SourceVersionDate "2018.10.10"]
[SourceQuality "1"]
[WhiteTeam "Muenster"]
[BlackTeam "Koeln Porz II"]
[WhiteTeamCountry "GER"]
[BlackTeamCountry "GER"]

1. c4 g6 2. Nc3 Bg7 3. d4 Nf6 4. e4 d6 5. Be2 0-0 6. Nf3 e5 7. 0-0 Nc6 8. d5 Ne7 9. Ne1 Ne8 10. Nd3 f5 11. Bd2 Nf6 12. f3 f4 13. g4 fxg3 14. hxg3 c6 15. Be3 cxd5 16. cxd5 Bd7 17. Kg2 Nc8 18. Rh1 Nb6 19. b3 Rc8 20. Qd2 Qe7 21. Nb2 Rc7 22. Rac1 Qf7 23. Bxb6 axb6 24. Nc4 Qe7 25. Nxb6 Nh5 26. Nb5 Bxb5 27. Bxb5 Rxc1 28. Qxc1 Bf6 29. Bd7 Bg5 30. Qc3 Bh6 31. Bg4 Qg5 32. Nc4 Rf6 33. a4 Bf8 34. Qc1 Nf4+ 35. gxf4 Rxf4 36. Qe1 Be7 37. Qg3 1-0

[Event "Oberliga NRW 1718"]
[Site "Germany"]
[Date "2017.11.19"]
[Round "3.5"]
[White "Ramien, David"]
[Black "Van Osch, Mees"]
[Result "1/2-1/2"]
[WhiteElo "2092"]
[BlackElo "2284"]
[PlyCount "111"]
[EventDate "2017.09.17"]
[EventType "team-tourn"]
[EventRounds "9"]
[EventCountry "GER"]
[SourceTitle "EXT 2019"]
[Source "ChessBase"]
[SourceDate "2018.10.10"]
[SourceVersion "1"]
[SourceVersionDate "2018.10.10"]
[SourceQuality "1"]
[WhiteTeam "Koeln Porz II"]
[BlackTeam "Muelheim Nord II"]
[WhiteTeamCountry "GER"]
[BlackTeamCountry "GER"]

1. e4 c5 2. Nf3 Nc6 3. d4 cxd4 4. Nxd4 Nf6 5. Nc3 d6 6. Be2 e5 7. Nf3 h6 8. 0-0 Be7 9. Re1 0-0 10. h3 Be6 11. Bf1 Nb8 12. a4 a6 13. b3 Nbd7 14. a5 Qc7 15. Bb2 Qc6 16. Nd2 d5 17. exd5 Nxd5 18. Nxd5 Bxd5 19. Nc4 Rad8 20. Qh5 f6 21. Ne3 Bf7 22. Nf5 Qe6 23. Qg4 g6 24. Nxh6+ Kg7 25. Nxf7 Qxg4 26. hxg4 Kxf7 27. Bc4+ Kg7 28. Red1 Nb8 29. c3 Nc6 30. b4 f5 31. gxf5 gxf5 32. Bd5 Rd6 33. Bxc6 bxc6 34. Rxd6 Bxd6 35. Rd1 Rd8 36. c4 Kf6 37. Kf1 Ke6 38. Bc3 Rh8 39. g3 Rg8 40. Re1 e4 41. Ke2 Be5 42. Bxe5 Kxe5 43. Rb1 Kd4 44. b5 c5 45. Rc1 Ra8 46. b6 Rf8 47. Rc2 Rb8 48. Kd2 Rh8 49. Kc1 Kd3 50. Kb2 Rh2 51. Rc3+ Kd4 52. Kb3 Rh1 53. Rc2 Kd3 54. Rc3+ Ke2 55. Rc2+ Kd3 56. Rc3+ 1/2-1/2

[Event "Oberliga NRW 1718"]
[Site "Germany"]
[Date "2017.09.17"]
[Round "1.5"]
[White "Ramien, David"]
[Black "Kaufeld, Juergen"]
[Result "1-0"]
[WhiteElo "2092"]
[BlackElo "2259"]
[PlyCount "67"]
[EventDate "2017.09.17"]
[EventType "team-tourn"]
[EventRounds "9"]
[EventCountry "GER"]
[SourceTitle "EXT 2019"]
[Source "ChessBase"]
[SourceDate "2018.10.10"]
[SourceVersion "1"]
[SourceVersionDate "2018.10.10"]
[SourceQuality "1"]
[WhiteTeam "Koeln Porz II"]
[BlackTeam "Oberhausen"]
[WhiteTeamCountry "GER"]
[BlackTeamCountry "GER"]

1. e4 c5 2. Nf3 d6 3. d4 cxd4 4. Nxd4 Nf6 5. Nc3 Nc6 6. Be2 e5 7. Nf3 h6 8. 0-0 Be7 9. Re1 0-0 10. h3 Be6 11. Bf1 Nb8 12. a4 Nbd7 13. a5 a6 14. b3 Qc7 15. Bb2 Rac8 16. Nd2 Qc6 17. Nc4 Rfd8 18. Qf3 Nh7 19. Nd5 Bf8 20. Rad1 Ng5 21. Qe2 f5 22. Ndb6 Nxe4 23. Nxc8 Rxc8 24. Qf3 Qc7 25. Ne3 Qxa5 26. Bc4 d5 27. Bxd5 Bxd5 28. Nxd5 Rxc2 29. Qxf5 Rxb2 30. Rxe4 Qc5 31. Rc4 Qd6 32. Ne3 Rd2 33. Rxd2 Qxd2 34. Rc8 1-0

[Event "Dortmund Sparkassen op-A 45th"]
[Site "Dortmund"]
[Date "2017.07.23"]
[Round "9"]
[White "Ramien, David"]
[Black "Van Cappellen, Jonas"]
[Result "0-1"]
[WhiteElo "2070"]
[BlackElo "2141"]
[PlyCount "56"]
[EventDate "2017.07.15"]
[EventType "swiss"]
[EventRounds "9"]
[EventCountry "GER"]
[SourceTitle "CBM 179 Extra"]
[Source "ChessBase"]
[SourceDate "2017.08.23"]
[SourceVersion "1"]
[SourceVersionDate "2017.08.23"]
[SourceQuality "1"]

1. e4 c5 2. Nf3 e6 3. d4 cxd4 4. Nxd4 a6 5. Bd3 Bc5 6. Nb3 Be7 7. Qg4 g6 8. Qe2 d6 9. 0-0 Nd7 10. a4 b6 11. Na3 Bb7 12. Nc4 Qc7 13. Rd1 h5 14. f4 d5 15. exd5 Bxd5 16. a5 b5 17. Nb6 Nxb6 18. axb6 Qxb6+ 19. Be3 Qc7 20. Rxa6 Rxa6 21. Bxb5+ Rc6 22. Rxd5 exd5 23. Bd4 Rh7 24. Qe5 Kf8 25. Qxd5 Rxc2 26. Be5 Qd8 27. Qf3 Qb6+ 28. Nd4 Bf6 0-1

[Event "Dortmund Sparkassen op-A 45th"]
[Site "Dortmund"]
[Date "2017.07.21"]
[Round "7"]
[White "Ramien, David"]
[Black "Bomans, Arno"]
[Result "0-1"]
[WhiteElo "2070"]
[BlackElo "2250"]
[PlyCount "72"]
[EventDate "2017.07.15"]
[EventType "swiss"]
[EventRounds "9"]
[EventCountry "GER"]
[SourceTitle "CBM 179 Extra"]
[Source "ChessBase"]
[SourceDate "2017.08.23"]
[SourceVersion "1"]
[SourceVersionDate "2017.08.23"]
[SourceQuality "1"]

1. d4 f5 2. Nc3 Nf6 3. Bg5 d5 4. Bxf6 exf6 5. e3 Be6 6. Qf3 Qd7 7. Bb5 Nc6 8. Nge2 0-0-0 9. Nf4 Bf7 10. Nd3 g6 11. a3 Qe6 12. 0-0 h5 13. b4 h4 14. Rfc1 g5 15. Bxc6 Qxc6 16. Qxf5+ Be6 17. b5 Qd7 18. Qxf6 Be7 19. Qe5 b6 20. e4 Bd6 21. Qxg5 Rdg8 22. Qe3 Bh3 23. g3 Qh7 24. e5 Bg4 25. Qd2 Bf3 26. Qf4 hxg3 27. Qxf3 Qxh2+ 28. Kf1 gxf2 29. Nxf2 Rf8 30. Qg4+ Kb8 31. Qg2 Rxf2+ 32. Qxf2 Rf8 33. Qxf8+ Bxf8 34. Ne2 Bh6 35. Ke1 Be3 36. c3 Qh1+ 0-1

[Event "Dortmund Sparkassen op-A 45th"]
[Site "Dortmund"]
[Date "2017.07.19"]
[Round "5"]
[White "Ramien, David"]
[Black "Gijsen, Stief"]
[Result "1/2-1/2"]
[WhiteElo "2070"]
[BlackElo "2194"]
[PlyCount "46"]
[EventDate "2017.07.15"]
[EventType "swiss"]
[EventRounds "9"]
[EventCountry "GER"]
[SourceTitle "CBM 179 Extra"]
[Source "ChessBase"]
[SourceDate "2017.08.23"]
[SourceVersion "1"]
[SourceVersionDate "2017.08.23"]
[SourceQuality "1"]

1. e4 e5 2. Nf3 Nc6 3. Bc4 Nf6 4. d3 Be7 5. 0-0 0-0 6. Re1 d6 7. a4 Na5 8. Ba2 c5 9. Nc3 Nc6 10. Nd5 Nxd5 11. Bxd5 Be6 12. c3 Bf6 13. Qb3 Qe7 14. a5 Rab8 15. Qa4 Rfc8 16. Be3 Qc7 17. d4 Bxd5 18. exd5 cxd4 19. cxd4 Nxd4 20. Nxd4 exd4 21. Bxd4 Bxd4 22. Qxd4 Qc5 23. Qd2 Re8 1/2-1/2

[Event "Mittelrhein Regionalliga 16/17"]
[Site "Nordrheinwestfalen"]
[Date "2017.03.19"]
[Round "9.1"]
[White "Ramien, David"]
[Black "Stoeber, Michael"]
[Result "1-0"]
[WhiteElo "2044"]
[BlackElo "2208"]
[PlyCount "109"]
[EventDate "2016.09.11"]
[EventType "team-tourn"]
[EventRounds "11"]
[EventCountry "GER"]
[SourceTitle "EXT 2022"]
[Source "ChessBase"]
[SourceDate "2021.10.06"]
[SourceVersion "1"]
[SourceVersionDate "2021.10.06"]
[SourceQuality "1"]
[WhiteTeam "Porz SG III"]
[BlackTeam "Langenfeld"]
[WhiteTeamCountry "GER"]
[BlackTeamCountry "GER"]

1. e4 d6 2. d4 Nf6 3. Nc3 g6 4. Bg5 c6 5. Qd2 Qa5 6. f4 h6 7. Bh4 Bg7 8. Nf3 b5 9. Bd3 Nbd7 10. e5 b4 11. Ne2 Nd5 12. Ng3 dxe5 13. fxe5 Nf8 14. 0-0 Ne6 15. Ne4 Ba6 16. a3 Bxd3 17. Qxd3 Qb6 18. axb4 Nxb4 19. Qc4 a5 20. Bf2 Qb5 21. Qxb5 cxb5 22. c3 Nd3 23. Rfd1 Nxf2 24. Kxf2 0-0 25. d5 Ng5 26. Nexg5 hxg5 27. h3 Rfc8 28. Ke3 a4 29. Ke4 f5+ 30. exf6 exf6 31. d6 Rc5 32. d7 f5+ 33. Ke3 Bf6 34. Rd6 Kf7 35. Rad1 Rd8 36. Nd4 Bxd4+ 37. Kxd4 Rc4+ 38. Ke5 Re4+ 39. Kd5 Rc4 40. Rd4 Rc7 41. Ke5 a3 42. bxa3 Rxc3 43. Rb6 Rc7 44. Rf6+ Kg7 45. Rdd6 Rcxd7 46. Rxg6+ Kh7 47. Rxd7+ Rxd7 48. Rxg5 Rd3 49. Kxf5 Rxa3 50. Kg4 b4 51. Rb5 Rb3 52. Rb6 Rb1 53. Kg5 b3 54. Rb7+ Kg8 55. g4 1-0

[Event "Schwert von Luelsdorf op 27th"]
[Site "Niederkassel"]
[Date "2016.09.04"]
[Round "2"]
[White "Morawietz, Dieter"]
[Black "Ramien, David"]
[Result "1-0"]
[WhiteElo "2430"]
[BlackElo "2070"]
[PlyCount "83"]
[EventDate "2016.09.04"]
[EventType "swiss (rapid)"]
[EventRounds "9"]
[EventCountry "GER"]
[SourceTitle "CBM 174 Extra"]
[Source "ChessBase"]
[SourceDate "2016.10.10"]
[SourceVersion "1"]
[SourceVersionDate "2016.10.10"]
[SourceQuality "1"]

1. e4 c5 2. Nf3 d6 3. d4 cxd4 4. Nxd4 Nf6 5. Nc3 Nc6 6. Bg5 e6 7. Qd2 Be7 8. 0-0-0 0-0 9. f3 Nxd4 10. Qxd4 Qa5 11. Bd2 Qd8 12. Kb1 e5 13. Qf2 Be6 14. g4 Rc8 15. g5 Nd7 16. h4 a6 17. Bh3 Qc7 18. Be3 Qc4 19. Nd5 Bxd5 20. Rxd5 Rc7 21. h5 Nc5 22. g6 f5 23. gxh7+ Kxh7 24. b3 Qb4 25. Bd2 Nxe4 26. fxe4 Qxe4 27. Qg2 Qxc2+ 28. Ka1 Bf6 29. Rxd6 e4+ 30. Rxf6 Rxf6 31. Rc1 e3 32. Rxc2 Rxc2 33. Bxf5+ Rxf5 34. Qg6+ Kg8 35. Qxf5 Rxd2 36. Qe6+ Kh7 37. Qxe3 Rh2 38. Qe4+ Kh8 39. Qe5 Rh1+ 40. Kb2 Rf1 41. Qb8+ Kh7 42. Qxb7 1-0

[Event "GER-ch U25-A"]
[Site "Willingen"]
[Date "2016.05.20"]
[Round "8"]
[White "Ramien, David"]
[Black "Borchert, Louis"]
[Result "1/2-1/2"]
[WhiteElo "2107"]
[BlackElo "1774"]
[PlyCount "54"]
[EventDate "2016.05.15"]
[EventType "swiss"]
[EventRounds "9"]
[EventCountry "GER"]
[SourceTitle "CBM 172 Extra"]
[Source "ChessBase"]
[SourceDate "2016.06.21"]
[SourceVersion "1"]
[SourceVersionDate "2016.06.21"]
[SourceQuality "1"]

1. Nf3 d5 2. g3 Nf6 3. Bg2 Nbd7 4. c4 e6 5. 0-0 Be7 6. Nc3 0-0 7. d4 b6 8. Ne5 Bb7 9. f4 c5 10. e3 Rb8 11. Qe2 Qc8 12. cxd5 Nxd5 13. Nxd5 Bxd5 14. e4 Bb7 15. d5 Bf6 16. Nc4 Bd4+ 17. Kh1 exd5 18. exd5 Nf6 19. Nd6 Qd7 20. Nxb7 Qxb7 21. f5 Rbd8 22. Bg5 Rfe8 23. Qb5 Qd7 24. Qxd7 Rxd7 25. Rae1 Kf8 26. Bxf6 Bxf6 27. b3 Bd4 1/2-1/2

[Event "Mittelrhein Regionalliga 15/16"]
[Site "Nordrheinwestfalen"]
[Date "2016.02.21"]
[Round "7.1"]
[White "Ramien, David"]
[Black "Haag, Martin"]
[Result "1/2-1/2"]
[WhiteElo "2034"]
[BlackElo "2253"]
[PlyCount "51"]
[EventDate "2015.09.27"]
[EventType "team-tourn"]
[EventRounds "9"]
[EventCountry "GER"]
[SourceTitle "EXT 2022"]
[Source "ChessBase"]
[SourceDate "2021.10.06"]
[SourceVersion "1"]
[SourceVersionDate "2021.10.06"]
[SourceQuality "1"]
[WhiteTeam "Porz SG III"]
[BlackTeam "Bonn Beuel"]
[WhiteTeamCountry "GER"]
[BlackTeamCountry "GER"]

1. e4 c5 2. Nf3 e6 3. d3 Nc6 4. g3 d5 5. Nbd2 Nf6 6. Bg2 Be7 7. 0-0 0-0 8. Re1 b5 9. e5 Nd7 10. Nf1 a5 11. h4 Qc7 12. Bf4 Bb7 13. N1h2 Rfc8 14. h5 h6 15. Ng4 Bf8 16. Qd2 Qd8 17. Ngh2 Nd4 18. g4 Nxf3+ 19. Nxf3 c4 20. g5 Kh7 21. d4 b4 22. c3 Bc6 23. gxh6 gxh6 24. Qc2+ Kh8 25. Qd2 Kh7 26. Qc2+ 1/2-1/2

[Event "Mittelrhein Regionalliga 15/16"]
[Site "Nordrheinwestfalen"]
[Date "2016.01.10"]
[Round "5.1"]
[White "Ramien, David"]
[Black "Gerusel, Mathias"]
[Result "1/2-1/2"]
[WhiteElo "2054"]
[BlackElo "2144"]
[PlyCount "34"]
[EventDate "2015.09.27"]
[EventType "team-tourn"]
[EventRounds "9"]
[EventCountry "GER"]
[SourceTitle "EXT 2022"]
[Source "ChessBase"]
[SourceDate "2021.10.06"]
[SourceVersion "1"]
[SourceVersionDate "2021.10.06"]
[SourceQuality "1"]
[WhiteTeam "Porz SG III"]
[BlackTeam "Godesberg III"]
[WhiteTeamCountry "GER"]
[BlackTeamCountry "GER"]

1. e4 c5 2. Nc3 Nc6 3. Nf3 g6 4. d4 cxd4 5. Nxd4 Bg7 6. Be3 Nf6 7. Be2 0-0 8. f4 d6 9. Qd2 Nxd4 10. Bxd4 e5 11. Bf2 Bh6 12. Be3 Bg4 13. fxe5 Bxe3 14. Qxe3 dxe5 15. Rd1 Qe7 16. 0-0 Bxe2 17. Qxe2 Rfd8 1/2-1/2

[Event "GER-chT U16"]
[Site "Lingen"]
[Date "2015.12.29"]
[Round "5.2"]
[White "Ramien, David"]
[Black "Ratay, Meike"]
[Result "1-0"]
[WhiteElo "2088"]
[BlackElo "1667"]
[PlyCount "69"]
[EventDate "2015.12.27"]
[EventType "team-swiss"]
[EventRounds "7"]
[EventCountry "GER"]
[SourceTitle "EXT 2017"]
[Source "ChessBase"]
[SourceDate "2016.10.25"]
[SourceVersion "1"]
[SourceVersionDate "2016.10.25"]
[SourceQuality "1"]
[WhiteTeam "Porz SG"]
[BlackTeam "Saalfeld"]
[WhiteTeamCountry "GER"]
[BlackTeamCountry "GER"]

1. Nf3 Nf6 2. g3 g6 3. Bg2 Bg7 4. c4 0-0 5. 0-0 d6 6. d4 Nbd7 7. Nc3 c6 8. e4 e5 9. h3 Nh5 10. Re1 Qe8 11. d5 c5 12. a3 a6 13. b4 h6 14. bxc5 Nxc5 15. Be3 Nd7 16. a4 f5 17. Kh2 f4 18. Bc1 g5 19. g4 Nhf6 20. Ba3 Qe7 21. Nd2 Nc5 22. Nb3 Rd8 23. a5 Nxb3 24. Qxb3 Qc7 25. Bf1 Nd7 26. Na4 Bf8 27. c5 Kh8 28. cxd6 Bxd6 29. Rec1 Qb8 30. Rab1 Bxa3 31. Qxa3 Re8 32. Rc2 Qa7 33. Nb6 Nxb6 34. axb6 Qb8 35. Rc7 1-0